<?xml version="1.0" encoding="UTF-8"?>
<record
    xmlns:xsi="http://www.w3.org/2001/XMLSchema-instance"
    xsi:schemaLocation="http://www.loc.gov/MARC21/slim http://www.loc.gov/standards/marcxml/schema/MARC21slim.xsd"
    xmlns="http://www.loc.gov/MARC21/slim">

  <leader>01669nam0a22003251  4500</leader>
  <controlfield tag="001">v19\rc\1690571</controlfield>
  <controlfield tag="005">20250619023537.0</controlfield>
  <datafield tag="035" ind1=" " ind2=" ">
    <subfield code="a">(NLR Aleph) 004794534</subfield>
  </datafield>
  <datafield tag="090" ind1=" " ind2=" ">
    <subfield code="a">4764377</subfield>
    <subfield code="c">4764377</subfield>
  </datafield>
  <datafield tag="100" ind1=" " ind2=" ">
    <subfield code="a">20061002e18971897|||y0rusy50      ca</subfield>
  </datafield>
  <datafield tag="101" ind1="0" ind2=" ">
    <subfield code="a">rus</subfield>
  </datafield>
  <datafield tag="102" ind1=" " ind2=" ">
    <subfield code="a">RU</subfield>
  </datafield>
  <datafield tag="105" ind1=" " ind2=" ">
    <subfield code="a">y   z   |||||</subfield>
  </datafield>
  <datafield tag="200" ind1="1" ind2=" ">
    <subfield code="a">&#x41F;&#x43E;&#x43B;&#x43D;&#x43E;&#x435; &#x437;&#x430;&#x442;&#x43C;&#x435;&#x43D;&#x438;&#x435; &#x441;&#x43E;&#x43B;&#x43D;&#x446;&#x430; 27 &#x438;&#x44E;&#x43B;&#x44F; (8 &#x430;&#x432;&#x433;&#x443;&#x441;&#x442;&#x430;) 1896 &#x433;., &#x43D;&#x430;&#x431;&#x43B;&#x44E;&#x434;&#x435;&#x43D;&#x43D;&#x43E;&#x435; &#x43E;&#x444;&#x438;&#x446;&#x435;&#x440;&#x430;&#x43C;&#x438; &#x442;&#x440;&#x430;&#x43D;&#x441;&#x43F;&#x43E;&#x440;&#x442;&#x430; "&#x421;&#x430;&#x43C;&#x43E;&#x435;&#x434;" &#x43D;&#x430; &#x41D;&#x43E;&#x432;&#x43E;&#x439; &#x417;&#x435;&#x43C;&#x43B;&#x435;</subfield>
    <subfield code="e">(&#x414;&#x43E;&#x43B;&#x43E;&#x436;&#x435;&#x43D;&#x43E; &#x432; &#x437;&#x430;&#x441;&#x435;&#x434;&#x430;&#x43D;&#x438;&#x438; &#x424;&#x438;&#x437;. &#x43C;&#x430;&#x442;. &#x43E;&#x442;&#x434;. 9 &#x43E;&#x43A;&#x442;. 1896 &#x433;.)</subfield>
    <subfield code="f">[&#x421;&#x43E;&#x447;.] &#x41B;&#x435;&#x439;&#x442;. &#x411;&#x443;&#x445;&#x442;&#x435;&#x435;&#x432;&#x430;</subfield>
  </datafield>
  <datafield tag="210" ind1=" " ind2=" ">
    <subfield code="a">[&#x421;&#x430;&#x43D;&#x43A;&#x442;-&#x41F;&#x435;&#x442;&#x435;&#x440;&#x431;&#x443;&#x440;&#x433;]</subfield>
    <subfield code="c">&#x442;&#x438;&#x43F;. &#x418;&#x43C;&#x43F;. &#x410;&#x43A;&#x430;&#x434;. &#x43D;&#x430;&#x443;&#x43A;</subfield>
    <subfield code="d">[1897]</subfield>
  </datafield>
  <datafield tag="215" ind1=" " ind2=" ">
    <subfield code="a">17-26 &#x441;.</subfield>
    <subfield code="d">29</subfield>
  </datafield>
  <datafield tag="300" ind1=" " ind2=" ">
    <subfield code="a">&#x420;&#x435;&#x437;&#x44E;&#x43C;&#x435; &#x43D;&#x430; &#x444;&#x440;. &#x44F;&#x437;.</subfield>
  </datafield>
  <datafield tag="309" ind1=" " ind2=" ">
    <subfield code="a">&#x411;&#x435;&#x437; &#x442;&#x438;&#x442;. &#x43B;. &#x438; &#x43E;&#x431;&#x43B;.</subfield>
  </datafield>
  <datafield tag="311" ind1=" " ind2=" ">
    <subfield code="a">&#x418;&#x437; "&#x418;&#x437;&#x432;. &#x418;&#x43C;&#x43F;. &#x410;&#x43A;&#x430;&#x434;. &#x43D;&#x430;&#x443;&#x43A;", 1897, &#x44F;&#x43D;&#x432;., &#x442;. 6, &#x2116; 1</subfield>
  </datafield>
  <datafield tag="488" ind1=" " ind2="0">
    <subfield code="1">2001#$a&#x418;&#x437;&#x432;&#x435;&#x441;&#x442;&#x438;&#x44F; &#x418;&#x43C;&#x43F;&#x435;&#x440;&#x430;&#x442;&#x43E;&#x440;&#x441;&#x43A;&#x43E;&#x439; &#x410;&#x43A;&#x430;&#x434;&#x435;&#x43C;&#x438;&#x438; &#x43D;&#x430;&#x443;&#x43A;$v1897, &#x44F;&#x43D;&#x432;., &#x442;. 6, &#x2116; 1</subfield>
    <subfield code="t">&#x418;&#x437;&#x432;&#x435;&#x441;&#x442;&#x438;&#x44F; &#x418;&#x43C;&#x43F;&#x435;&#x440;&#x430;&#x442;&#x43E;&#x440;&#x441;&#x43A;&#x43E;&#x439; &#x410;&#x43A;&#x430;&#x434;&#x435;&#x43C;&#x438;&#x438; &#x43D;&#x430;&#x443;&#x43A;</subfield>
  </datafield>
  <datafield tag="532" ind1="1" ind2="1">
    <subfield code="a">&#x41F;&#x43E;&#x43B;&#x43D;&#x43E;&#x435; &#x437;&#x430;&#x442;&#x43C;&#x435;&#x43D;&#x438;&#x435; &#x441;&#x43E;&#x43B;&#x43D;&#x446;&#x430; &#x434;&#x432;&#x430;&#x434;&#x446;&#x430;&#x442;&#x44C; &#x441;&#x435;&#x434;&#x44C;&#x43C;&#x43E;&#x433;&#x43E; &#x438;&#x44E;&#x43B;&#x44F; &#x432;&#x43E;&#x441;&#x44C;&#x43C;&#x43E;&#x433;&#x43E; &#x430;&#x432;&#x433;&#x443;&#x441;&#x442;&#x430; 1896 &#x433;., &#x43D;&#x430;&#x431;&#x43B;&#x44E;&#x434;&#x435;&#x43D;&#x43D;&#x43E;&#x435; &#x43E;&#x444;&#x438;&#x446;&#x435;&#x440;&#x430;&#x43C;&#x438; &#x442;&#x440;&#x430;&#x43D;&#x441;&#x43F;&#x43E;&#x440;&#x442;&#x430; "&#x421;&#x430;&#x43C;&#x43E;&#x435;&#x434;" &#x43D;&#x430; &#x41D;&#x43E;&#x432;&#x43E;&#x439; &#x417;&#x435;&#x43C;&#x43B;&#x435;</subfield>
  </datafield>
  <datafield tag="700" ind1=" " ind2="1">
    <subfield code="a">&#x411;&#x443;&#x445;&#x442;&#x435;&#x435;&#x432;</subfield>
    <subfield code="b">&#x410;.&#x41C;.</subfield>
    <subfield code="f">1862-</subfield>
    <subfield code="g">&#x410;&#x444;&#x430;&#x43D;&#x430;&#x441;&#x438;&#x439; &#x41C;&#x438;&#x445;&#x430;&#x439;&#x43B;&#x43E;&#x432;&#x438;&#x447;</subfield>
  </datafield>
  <datafield tag="801" ind1=" " ind2="0">
    <subfield code="a">RU</subfield>
    <subfield code="b">NLR</subfield>
    <subfield code="g">psbo</subfield>
  </datafield>
  <datafield tag="801" ind1=" " ind2="0">
    <subfield code="a">RU</subfield>
    <subfield code="b">RuMoRGB</subfield>
    <subfield code="2">psbo</subfield>
  </datafield>
  <datafield tag="801" ind1=" " ind2="1">
    <subfield code="a">RU</subfield>
    <subfield code="b">ProSoft-M</subfield>
    <subfield code="2">rusmarc</subfield>
  </datafield>
  <datafield tag="852" ind1=" " ind2=" ">
    <subfield code="a">NLR</subfield>
    <subfield code="j">18.270.1.104</subfield>
  </datafield>
  <datafield tag="899" ind1=" " ind2=" ">
    <subfield code="a">RuMoRGB</subfield>
    <subfield code="j">V 220/373</subfield>
  </datafield>
  <datafield tag="899" ind1=" " ind2=" ">
    <subfield code="a">&#x411;&#x410;&#x41D;</subfield>
  </datafield>
  <datafield tag="942" ind1=" " ind2=" ">
    <subfield code="c">BOOK</subfield>
  </datafield>
  <datafield tag="980" ind1=" " ind2=" ">
    <subfield code="a">NB</subfield>
  </datafield>
  <datafield tag="995" ind1=" " ind2=" ">
    <subfield code="5">2013-10-26</subfield>
    <subfield code="b">NLR02</subfield>
    <subfield code="c">NLR02</subfield>
    <subfield code="e">RFS</subfield>
    <subfield code="f">4794534-10</subfield>
    <subfield code="k">18.270.1.104</subfield>
    <subfield code="o">0</subfield>
    <subfield code="r">BOOK</subfield>
    <subfield code="s">182701104_</subfield>
  </datafield>
  <datafield tag="995" ind1=" " ind2=" ">
    <subfield code="5">2013-10-26</subfield>
    <subfield code="b">NLR01</subfield>
    <subfield code="c">NLR01</subfield>
    <subfield code="e">TEMP</subfield>
    <subfield code="f">4794534-30</subfield>
    <subfield code="o">0</subfield>
    <subfield code="r">BOOK</subfield>
  </datafield>
</record>
